| 000 | 01146cam a22003137a 4500 | ||
|---|---|---|---|
| 003 | CHAP | ||
| 005 | 20220329141007.0 | ||
| 008 | 971013s1996 r 00010 d | ||
| 010 | _a61030 | ||
| 011 | _a62002 | ||
| 035 | _a66174 | ||
| 040 | _cCHAP | ||
| 082 |
_a630.972 I5 _bTab. |
||
| 110 |
_aInstituto Nacional de Estadística, Geografía e Informática. México _959304 |
||
| 245 | 1 | 3 | _aLa agricultura en Tabasco |
| 260 |
_aAguascalientes, Ags. : _bINEGI, _c1996 |
||
| 300 |
_a84 p. _b; gráfs. |
||
| 590 |
_aBATCH-UPD _b10 _c20130110 _lUCH01 _h1140 |
||
| 590 |
_aBATCH-UPD _b10 _c20130410 _lUCH01 _h0726 |
||
| 590 |
_aCONVERSION _b10 _c20130109 _lUCH01 _h1333 |
||
| 650 | 1 | 4 |
_aAgricultura _xEstadisticas _zTabasco. _91468 |
| 650 | 1 | 4 |
_aAgricultura _xTabasco. _91830 |
| 901 | _aBK | ||
| 942 | _cLIBRO | ||
| 949 |
_a630.972 I5 Tab. _bBC _cINEGI _d33724000619599 _eINEGI _h91195 _i66174 _sb |
||
| 949 |
_a630.972 I5 Tab. _bBC _cINEGI _d33724000619607 _eINEGI _fc.2 _h91196 _i66174 _sb |
||
| 949 |
_a630.972 I5 Tab. _bBC _cINEGI _d33724000627022 _eINEGI _fc.3 _h91668 _i66174 _sb |
||
| 949 |
_a630.972 I5 Tab. _bBC _cLIBRO _d33724000627410 _eLIBRO _fc.4 _h91848 _i66174 _si |
||
| 999 |
_c61030 _d61030 |
||